MUSHROOM CULTIVATION IN INDIA (Record no. 5448)

MARC details
000 -LEADER
fixed length control field 00374nam a22001457a 4500
005 - DATE AND TIME OF LATEST TRANSACTION
control field 20170409145157.0
008 - FIXED-LENGTH DATA ELEMENTS--GENERAL INFORMATION
fixed length control field 170409b xxu||||| |||| 00| 0 eng d
020 ## - INTERNATIONAL STANDARD BOOK NUMBER
ISBN 978-81-7035-479-6
041 ## - LANGUAGE CODE
Language code of text/sound track or separate title eng
100 ## - MAIN ENTRY--AUTHOR NAME
Personal name SUMAN, B.C. AND SHARMA, V.P.
245 ## - TITLE STATEMENT
Title MUSHROOM CULTIVATION IN INDIA
260 ## - PUBLICATION, DISTRIBUTION, ETC. (IMPRINT)
Place of publication NEW DELHI
Name of publisher DAYA PUBLISHING
Year of publication 1955
300 ## - PHYSICAL DESCRIPTION
Number of Pages 179
942 ## - ADDED ENTRY ELEMENTS (KOHA)
Koha item type Books
Holdings
Lost status Damaged status Collection code Home library Current library Shelving location Date acquired Source of acquisition Cost, normal purchase price Full call number Accession Number Koha item type
    Reference JRU Library JRU Library SHELF-2-C 09/04/2017 PURCHESS 895.00 635.09 21784 Books